Where do they come from? - Chelsea 22/23 - Statistics

General Stats
  • This quiz has been taken 98 times
  • The average score is 20 of 25
Answer Stats
# Player Signed From Year % Correct
11 João Félix Atlético Madrid 2023
98%
5 Enzo Fernández Benfica 2023
98%
7 N'Golo Kanté Leicester City 2016
98%
21 Ben Chilwell Leicester City 2020
98%
33 Wesley Fofana Leicester City 2022
98%
17 Raheem Sterling Manchester City 2022
98%
26 Kalidou Koulibaly Napoli 2022
98%
6 Thiago Silva Paris Saint-Germain 2020
98%
10 Christian Pulisic Borussia Dortmund 2019
96%
8 Mateo Kovačić Real Madrid 2019
94%
9 Pierre-Emerick Aubameyang Barcelona 2022
93%
22 Hakim Ziyech Ajax 2020
91%
1 Kepa Arrizabalaga Athletic Club 2018
91%
4 Benoît Badiashile AS Monaco 2023
89%
32 Marc Cucurella Brighton & Hove Albion 2022
88%
29 Kai Havertz Bayer Leverkusen 2020
87%
31 Noni Madueke PSV Eindhoven 2023
83%
15 Mykhaylo Mudryk Shakhtar Donetsk 2023
74%
20 Denis Zakaria Juventus 2022
72%
16 Édouard Mendy Stade Rennais 2020
68%
28 César Azpilicueta Marseille 2012
67%
30 Carney Chukwuemeka Aston Villa 2022
61%
13 Marcus Bettinelli Fulham 2021
45%
36 Gabriel Slonina Chicago Fire 2022
32%
27 David Datro Fofana Molde FK 2023
27%
No matching quizzes found
Score Distribution
Percent of People with Each Score
Percentile by Number Answered
Your Score History
You have not taken this quiz